[Event "JPN-ch"]
[Site "Tokyo"]
[Date "2018.04.30"]
[Round "4"]
[White "Hamane, Kenichi"]
[Black "Nishino, Tatsuya"]
[Result "0-1"]
[WhiteElo "1818"]
[BlackElo "1578"]
[PlyCount "142"]
[EventDate "2018.04.29"]
[EventType "swiss"]
[EventRounds "11"]
[EventCountry "JPN"]
[SourceTitle "CBM 184 Extra"]
[Source "ChessBase"]
[SourceDate "2018.06.28"]
[SourceVersion "1"]
[SourceVersionDate "2018.06.28"]
[SourceQuality "1"]

1. d4 Nf6 2. c4 g6 3. Nc3 d5 4. e3 Bg7 5. cxd5 Nxd5 6. Bc4 Nxc3 7. bxc3 c5 8. Qb3 0-0 9. Ne2 Nc6 10. a4 Na5 11. Qa2 Nxc4 12. Qxc4 cxd4 13. cxd4 Be6 14. Qb4 Rc8 15. 0-0 Bc4 16. Re1 Qd7 17. Ba3 e6 18. Ng3 Bd5 19. Rac1 Rxc1 20. Rxc1 Rc8 21. Rxc8+ Qxc8 22. Qc5 Qxc5 23. Bxc5 b6 24. Bd6 Bb3 25. Bb8 Bxa4 26. Bxa7 b5 27. Bc5 Bf8 28. Ne4 b4 29. Kf1 b3 30. Ke1 b2 31. Nc3 Bc2 32. Kd2 b1Q 33. Nxb1 Bxb1 34. Kc3 f5 35. f4 Bh6 36. g3 Kf7 37. Kb4 Ke8 38. Kb5 Kd7 39. Kb6 Bg7 40. h4 h5 41. Bb4 Bf6 42. Bf8 Be4 43. Ka7 Bd8 44. Bg7 Ba5 45. Ka6 Bd2 46. Kb5 Bd3+ 47. Kc5 Bxe3 48. Bf6 Bf2 49. Bg5 Be2 50. Bf6 Bxg3 51. Bg5 Bf3 52. Kc4 Kd6 53. Kd3 Kd5 54. Ke3 Bg4 55. Bf6 Kc4 56. Bg5 Be1 57. Bf6 Kc3 58. d5+ Kc4 59. dxe6 Bd1 60. e7 Ba4 61. Bg5 Bb4 62. Bf6 Bc5+ 63. Kd2 Kd5 64. Kd3 Bb5+ 65. Kc3 Ke4 66. Bg5 Be3 67. Kb4 Be8 68. Kc4 Bxf4 69. Bf6 Be3 70. Kc3 f4 71. Kc2 Ba4+ 0-1